Регионална библиотека "Любен Каравелов" - Русе

Кратка история на световната драматургия (Запис номер 14879)

MARC детайли
000 -Лидер
Контролно поле с фиксирана дължина 01563nam a2200373 c 4500
003 - Код на организацията, давaща контролен номер
Контролно поле BLK
005 - Дата и час на последна редакция
Контролно поле 20180420215009.0
008 - Елементи от данни с фиксирана дължина
fixed length control field 180412b bul|||||r ||||||| ||bul||
010 ## - Наследен системен номер
LC control number KNG00016614000
020 ## - Международен стандартен номер на книга ISBN
Международен стандартен номер на книга ISBN 954-430-479-7
-- издат.: Акад. изд. Проф. Марин Дринов
040 ## - Източник на каталожния запис
Идентификатор на билиотеката - собственик на записа BLK
041 ## - Код за език
Код за езика на текст/звукозапис или на отделно заглавие Български
Код за езика КДБФ Български
080 ## - УДК
Текстов определител УДК Литература на отделни езици и езикови семейства
УДК код - определител по УДК 821
УДК определител (092)
УДК - код + определител 821(092)
080 ## - УДК
Текстов определител УДК Литература на отделни езици и езикови семейства
УДК код - определител по УДК 821
УДК определител -2.09
УДК - код + определител 821-2.09
080 ## - УДК
Текстов определител УДК Театър. Сценично изкуство. Вж 725.82; 782; 82-2
УДК код - определител по УДК 792
УДК определител .03(100)
УДК - код + определител 792.03(100)
080 ## - УДК
Текстов определител УДК Биографии
УДК код - определител по УДК 929
УДК определител
УДК - код + определител 929
100 1# - Редна дума - Автор
Автор Вучков, Юлиан Димитров
Авторска отговорност първи автор
R(LIN) 249568
139 ## - Редно поле
Редна дума Вучков, Юлиан Димитров
Авторски знак Ву - В 89
245 10 - Сведения за заглавието
Заглавие Кратка история на световната драматургия
Редно поле (дума) Юлиан Димитров Вучков.
257 ## - Страна на издаване
Страна на създаване/издаване България
260 ## - Област на издателските данни
-- София
Име на издателя, разпространителя и проч. Акад. изд. Проф. Марин Дринов
Година на издаване 1997
300 ## - Физическа характеристика
Страници 543 с.
Размери/Мащаб 24 см
380 ## - Жанр
Жанр Литературознание
500 ## - Общи забележки
Забележка Деп. списък: 12 ; 230 тир
650 #4 - Допълнително описание по предмет – тема
Основно описание – тема или топоним Драматургия - история
9 (RLIN) 259686
650 #4 - Допълнително описание по предмет – тема
Основно описание – тема или топоним Драматурзи
9 (RLIN) 153749
653 ## - Ключова дума – ненормативна
Ключова дума история
653 ## - Ключова дума – ненормативна
Ключова дума драматургия
852 ## - Местоположение
Форматна сигнатура Цб 191970
856 4# - Електронен адрес и достъп
Електронен формат pdf - файл
Път до файла /url/
856 4# - Електронен адрес и достъп
Електронен формат pdf - файл
Път до файла /url/
942 ## - АРТИКУЛИ
Вид на библиотечния материал Книги
Скрит в OPAC Не
944 ## - СЪЗДАВАНЕ И РЕДАКЦИЯ на ЗАПИСА
Създаване/Редакция Създаване
Дата на регистрацията/редакция 15.01.2003
Служител, извършил регистрацията/редакцията Кети_Илиева
944 ## - СЪЗДАВАНЕ И РЕДАКЦИЯ на ЗАПИСА
Създаване/Редакция Редакция
Дата на регистрацията/редакция 04.01.2006
Служител, извършил регистрацията/редакцията
999 ## - СИСТЕМНИ КОНТРОЛНИ НОМЕРА
Koha biblionumber 14879
Koha biblioitemnumber 14879
Наличности
Код за отписване Код за изгубен артикул Източник на класификационната схема Код за повреда Коз за рестрикции Код за отдаване Артикулен № Име на библиотеката - собственик Име на библиотеката, в която се намира в момента Статус (Текущо местоположение) Дата на вписване в системата Местоположение - отдел Цена в лева Инвентарен номер Систематично азбучна сигнатура Баркод Номер на екземпляра Цена в евро Служебен тип на артикула Служебна бележка
  Не е изгубен Universal Decimal Classification Не е повреден без рестрикции ползва се в читалня 25341 Регионална библиотека "Любен Каравелов" Русе Регионална библиотека "Любен Каравелов" Русе Хранилище 2001-01-01 Хранилище 0.00 630346 Цб 191970 120000630346 1 0.00 Книги  
  Не е изгубен Universal Decimal Classification Не е повреден без рестрикции ползва се в читалня 25342 Регионална библиотека "Любен Каравелов" Русе Регионална библиотека "Любен Каравелов" Русе Читалня 2001-01-01 Читалня 6.50 631291 Ч 821.09/В 89 Ю 120000631291 2 3.32 Книги Дата инв: 27.03.2017 Бележки инв: Ч2017
Vip Innovations Ltd, Rousse, Bulgaria 2025